№ 1; Deutsch

Bibliografiset tiedot
Parent link:Deutsch=Немецкий язык - первое сентября: методический журнал для учителей немецкого языка. № 1.— , за последние два года
Kieli:saksa
Julkaistu: 2016
Aineistotyyppi: MixedMaterials Kirja
KOHA link:https://koha.lib.tpu.ru/cgi-bin/koha/opac-detail.pl?biblionumber=557719

MARC

LEADER 00000nam2a2200000 4500
001 557719
005 20231101122209.0
035 |a (RuTPU)RU\TPU\prd\252235 
090 |a 557719 
100 |a 20160215a20059999m y0gery50 ba 
101 0 |a ger 
102 |a RU 
200 0 |a № 1 
210 |d 2016 
461 1 |0 (RuTPU)RU\TPU\prd\21617  |t Deutsch  |l Немецкий язык - первое сентября  |o методический журнал для учителей немецкого языка  |v № 1  |d за последние два года 
801 0 |a RU  |b 63413507  |c 20010227  |g PSBO 
801 1 |a RU  |b 63413507  |c 20160215 
801 2 |a RU  |b 63413507  |c 20160215  |g RCR 
942 |c BK 
999 |a НТБ_ТПУ  |b ЧЗИЛ  |e -1/20160111  |p П-9486н  |s 6/20151117  |u 0,00  |v 1  |y 13821000795110